00327nam a2200133Ia 4500008004100000041000800041082001700049100001900066245003100085260002500116300000800141365001500149700002900164230718s9999 xx 000 0 und d aeng a621.381bCHO aChoudhury D.R. aLinear Integrated Circuits c1993bWiley And Sons a421 cRs.b95.00 aChoudhury D.R. & Jain S.